000
00263nam a2200097Ia 4500
001
645056
005
20250826153616.0
008
250824s9999 xx 000 0 und d
245
0
_a
İNSAN NE İLE YAŞAR ANTİK YENİ
_c
TOLSTOY
260
_b
ANTİK DÜNYA KLASİKLERİ
999
_c
645056
_d
645056